Statystyki dla Państwa germańskie

Kliknij tutaj aby rozwiązać quiz!

Ogólne statystyki

  • Ten quiz został rozwiązany 64 razy
    (53 od ostatniego zresetowania)
  • Średni wynik to 13 z 19

Statystyki odpowiedzi

Odpowiedź% Poprawnych
Niemcy
98%
Austria
93%
Dania
86%
Szwajcaria
86%
Szwecja
81%
Norwegia
79%
Belgia
77%
Liechtenstein
77%
Luksemburg
77%
Holandia
74%
Stany zjednoczone
74%
Kanada
67%
Islandia
63%
Anglia
60%
Australia
56%
Nowa zelandia
53%
Gujana
35%
Belize
23%
Suriname
12%

Rozkład punktacji

Percentyl według liczby udzielonych odpowiedzi

Procent ludzi z każdym wynikiem

Twoja historia wyników

Nie rozwiązałeś tego quizu od ostatniego zresetowania